| 000 | 00900nam a2200253Ia 4500 | ||
|---|---|---|---|
| 003 | OSt | ||
| 005 | 20220923215313.0 | ||
| 006 | a|||||r|||| 00| 0 | ||
| 007 | ta | ||
| 008 | 220922b |||||||| |||| 00| 0 hin d | ||
| 024 | _a177,602 | ||
| 037 | _cTextual | ||
| 040 |
_aARTS _cARTS _bhin |
||
| 041 |
_2hin _ahin |
||
| 082 | _aO152,1:g(P:75), N0 | ||
| 100 | _aगुप्ता, सुधा | ||
| 245 | 0 | _aवक्रोक्त् ि- सिद्धान्त और हिन्दी कविता (195 -1989) | |
| 246 | _aVakrokta i- siddhānta aur hindī kavitā (1950-1989) | ||
| 260 |
_aनई दिल्ली _b राधा पब्लि _c1990 |
||
| 300 |
_a410 पृ. _ccm. |
||
| 650 |
_aहिन्दी साहित्य _9156264 |
||
| 942 |
_hO152,1:g(P:75), N0 _cTEXL _2CC |
||
| 999 |
_c330990 _d330990 |
||